The Review of Corporate Finance Studies

Gespeichert in:
Bibliographische Detailangaben
Format: Schriftenreihe
Sprache:Englisch
Veröffentlicht: New York Oxford University Press
Schlagworte:
Tags: Tag hinzufügen
Keine Tags, Fügen Sie das erste Tag hinzu!

MARC

LEADER 00000nas1a2200000$$$4500
001 0143352
005 20250718104047.6
022 |a 2046-9128 
022 |a 2046-9136 
041 0 |a eng 
044 |a US 
245 1 0 |a The Review of Corporate Finance Studies 
264 1 |a New York  |b Oxford University Press 
610 2 0 |a financie podnikové 
610 2 0 |a trh finančný 
610 2 0 |a riadenie finančné 
610 2 0 |a štruktúra podniku organizačná